00338 a2200109 4500001001000000005001700010008004100027245005200068100002400120773006900144999001500213ART_2574420260410161601.0260409a 10aGestión eficiente de empresas gastronómicas1 aIacomucci, Norma H.0 tProfesional & Empresariag- Año VII, Nº 83 (ago. 2006)wREV70 c9710d9710